Squid Game Season 3 Finalists - Statistics

General Stats
  • This quiz has been taken 96 times
  • The average score is 8 of 9
Answer Stats
Hint Answer % Correct
#9 456
100%
#6 333
98%
#2 100
97%
#3 125
95%
#5 222
93%
#4 203
83%
#7 336
75%
#1 039
73%
#8 353
73%
No matching quizzes found
Score Distribution
Percent of People with Each Score
Percentile by Number Answered
Your Score History
You have not taken this quiz